2009 NFL Pro Bowlers - Statistics

General Stats
  • This quiz has been taken 11 times
  • The average score is 25 of 121
Answer Stats
Position/Conference Answer Team % Correct
AFC Wide Receiver Andre Johnson Houston Texans
100%
AFC Running Back Chris Johnson Tennessee Titans
100%
AFC Quarterback Peyton Manning Indianapolis Colts
100%
AFC Quarterback Philip Rivers San Diego Chargers
100%
AFC Quarterback Tom Brady New England Patriots
100%
AFC Offensive Tackle Joe Thomas Cleveland Browns
88%
AFC Wide Receiver Wes Welker New England Patriots
88%
AFC Running Back Maurice Jones-Drew Jacksonville Jaguars
75%
AFC Running Back Ray Rice Baltimore Ravens
75%
AFC Wide Receiver Reggie Wayne Indianapolis Colts
75%
NFC Wide Receiver Sidney Rice Minnesota Vikings
75%
NFC Running Back DeAngelo Williams Carolina Panthers
63%
AFC Defensive End Dwight Freeney Indianapolis Colts
63%
NFC Defensive End Jared Allen Minnesota Vikings
63%
AFC Defensive End Mario Williams Houston Texans
63%
AFC Quarterback Matt Schaub Houston Texans
63%
AFC Quarterback Vince Young Tennessee Titans
63%
NFC Quarterback Aaron Rodgers Green Bay Packers
50%
NFC Running Back Adrian Peterson Minnesota Vikings
50%
AFC Tight End Antonio Gates San Diego Chargers
50%
AFC Tight End Dallas Clark Indianapolis Colts
50%
AFC Quarterback David Garrard Jacksonville Jaguars
50%
NFC Quarterback Drew Brees New Orleans Saints
50%
AFC Linebacker James Harrison Pittsburgh Steelers
50%
NFC Offensive Tackle Jason Peters Philadelphia Eagles
50%
AFC Linebacker Ray Lewis Baltimore Ravens
50%
NFC Quarterback Tony Romo Dallas Cowboys
50%
NFC Quarterback Brett Favre Minnesota Vikings
38%
NFC Quarterback Donovan McNabb Philadelphia Eagles
38%
NFC Running Back Frank Gore San Francisco 49ers
38%
AFC Center Jeff Saturday Indianapolis Colts
38%
AFC Linebacker Brian Cushing Houston Texans
25%
NFC Cornerback Charles Woodson Green Bay Packers
25%
NFC Wide Receiver DeSean Jackson Philadelphia Eagles
25%
AFC Safety Ed Reed Baltimore Ravens
25%
AFC Tight End Heath Miller Pittsburgh Steelers
25%
AFC Offensive Tackle Jake Long Miami Dolphins
25%
NFC Wide Receiver Larry Fitzgerald Arizona Cardinals
25%
AFC Defensive End Robert Mathis Indianapolis Colts
25%
NFC Running Back Steven Jackson St. Louis Rams
25%
AFC Wide Receiver Vincent Jackson San Diego Chargers
25%
AFC Defensive Tackle Vince Wilfork New England Patriots
25%
AFC Offensive Guard Alan Faneca New York Jets
13%
AFC Wide Receiver Brandon Marshall Denver Broncos
13%
AFC Wide Receiver Chad Ochocinco Cincinnati Bengals
13%
AFC Cornerback Champ Bailey Denver Broncos
13%
NFC Linebacker Clay Matthews Green Bay Packers
13%
AFC Cornerback Darrelle Revis New York Jets
13%
AFC Linebacker DeMeco Ryans Houston Texans
13%
AFC Linebacker Elvis Dumervil Denver Broncos
13%
AFC Defensive Tackle Haloti Ngata Baltimore Ravens
13%
NFC Tight End Jason Witten Dallas Cowboys
13%
NFC Wide Receiver Roddy White Atlanta Falcons
13%
AFC Offensive Tackle Ryan Clady Denver Broncos
13%
AFC Punter Shane Lechler Oakland Raiders
13%
NFC Wide Receiver Steve Smith New York Giants
13%
NFC Safety Adrian Wilson Arizona Cardinals
0%
NFC Center Andre Gurode Dallas Cowboys
0%
NFC Punter Andy Lee San Francisco 49ers
0%
AFC Safety Antoine Bethea Indianapolis Colts
0%
NFC Cornerback Antoine Winfield Minnesota Vikings
0%
NFC Safety Antrel Rolle Arizona Cardinals
0%
NFC Cornerback Asante Samuel Philadelphia Eagles
0%
AFC Safety Brandon Meriweather New England Patriots
0%
AFC Safety Brian Dawkins Denver Broncos
0%
NFC Linebacker Brian Orakpo Washington Redskins
0%
NFC Offensive Tackle Bryant McKinnie Minnesota Vikings
0%
AFC Defensive Tackle Casey Hampton Pittsburgh Steelers
0%
NFC Offensive Guard Chris Snee New York Giants
0%
AFC Kicker Dan Carpenter Miami Dolphins
0%
NFC Defensive Tackle Darnell Dockett Arizona Cardinals
0%
NFC Safety Darren Sharper New Orleans Saints
0%
NFC Kicker David Akers Philadelphia Eagles
0%
NFC Offensive Tackle David Diehl New York Giants
0%
AFC Offensive Tackle D'Brickashaw Ferguson New York Jets
0%
NFC Linebacker DeMarcus Ware Dallas Cowboys
0%
NFC Cornerback Dominique Rodgers-Cromartie Arizona Cardinals
0%
NFC Special Teamer Heath Farwell Minnesota Vikings
0%
NFC Offensive Guard Jahri Evans New Orleans Saints
0%
AFC Safety Jairus Byrd Buffalo Bills
0%
NFC Defensive Tackle Jay Ratliff Dallas Cowboys
0%
NFC Returner Johnny Knox Chicago Bears
0%
NFC Center Jonathan Goodwin New Orleans Saints
0%
NFC Linebacker Jonathan Vilma New Orleans Saints
0%
NFC Linebacker Jon Beason Carolina Panthers
0%
AFC Long Snapper Jon Condo Oakland Raiders
0%
NFC Long Snapper Jon Dorenbos Philadelphia Eagles
0%
NFC Offensive Tackle Jon Stinchcomb New Orleans Saints
0%
AFC Returner Josh Cribbs Cleveland Browns
0%
NFC Defensive End Julius Peppers Carolina Panthers
0%
NFC Defensive End Justin Smith San Francisco 49ers
0%
AFC Special Teamer Kassim Osgood San Diego Chargers
0%
AFC Center Kevin Mawae Tennessee Titans
0%
NFC Defensive Tackle Kevin Williams Minnesota Vikings
0%
AFC Offensive Guard Kris Dielman San Diego Chargers
0%
AFC Defensive End Kyle Vanden Bosch Tennessee Titans
0%
AFC Linebacker LaMarr Woodley Pittsburgh Steelers
0%
NFC Linebacker Lance Briggs Chicago Bears
0%
NFC Offensive Guard Leonard Davis Dallas Cowboys
0%
NFC Fullback Leonard Weaver Philadelphia Eagles
0%
AFC Fullback Le'Ron McClain Baltimore Ravens
0%
AFC Offensive Guard Logan Mankins New England Patriots
0%
NFC Linebacker London Fletcher Washington Redskins
0%
NFC Cornerback Mike Jenkins Dallas Cowboys
0%
NFC Wide Receiver Miles Austin Dallas Cowboys
0%
AFC Kicker Nate Kaeding San Diego Chargers
0%
NFC Safety Nick Collins Green Bay Packers
0%
AFC Center Nick Mangold New York Jets
0%
AFC Cornerback Nnamdi Asomugha Oakland Raiders
0%
NFC Linebacker Patrick Willis San Francisco 49ers
0%
NFC Returner Percy Harvin Minnesota Vikings
0%
NFC Safety Quintin Mikell Philadelphia Eagles
0%
NFC Safety Roman Harper New Orleans Saints
0%
NFC Center Ryan Kalil Carolina Panthers
0%
AFC Defensive End Shaun Ellis New York Jets
0%
NFC Center Shaun O'Hara New York Giants
0%
NFC Offensive Guard Steve Hutchinson Minnesota Vikings
0%
NFC Cornerback Terence Newman Dallas Cowboys
0%
NFC Defensive End Trent Cole Philadelphia Eagles
0%
NFC Tight End Vernon Davis San Francisco 49ers
0%
AFC Safety Yeremiah Bell Miami Dolphins
0%
No matching quizzes found
Score Distribution
Percent of People with Each Score
Percentile by Number Answered
Your Score History
You have not taken this quiz